000 00374nam a22001577a 4500
003 SGT
020 _a9789388022064
082 _a616.0707
_bC18G
100 _aGUPTA, PRITI
245 _aCorticosteroid in Mucosal Lesions
250 _a1ST
260 _aNEW DELHI
_bIP Innovative Publication Pvt.
_c2018
300 _a1-62
650 _aORAL PATHOLOGY
942 _2ddc
_cBK
999 _c20170
_d20170